| 000 | 00999ngm a22003370a 4500 | ||
|---|---|---|---|
| 001 | PT39954 | ||
| 003 | AR-LpoUNG | ||
| 005 | 20210201235857.0 | ||
| 007 | vd cvaizq | ||
| 008 | 191001s1933||||ag |||||||||||||||||spa d | ||
| 040 |
_aAR-LpoUNG _bspa _cAR-LpoUNG _eaacr |
||
| 041 | _aspa | ||
| 044 | _aag | ||
| 082 | 0 | _a305.3 696tan | |
| 100 | 1 | _aMoglia Barth, Luis José dir | |
| 245 | 1 | 0 | _aTango! |
| 260 |
_aBuenos Aires : _bArte video, _c27 abril 1933. |
||
| 300 | _aDVD (75 min.) : son., byn | ||
| 505 | 0 | _aSin subtítulos. - Primera película sonora del Cine Argentino. - Elenco: Libertad Lamarque, Tita Merello. | |
| 520 | _aEsta es la historia de una muchacha del arrabal, que desoye las palabras de un hombre que realmente la quiere y se fuga con el guapo del barrio. | ||
| 650 | 4 | _aDRAMA | |
| 653 | _aCINE ARGENTINO | ||
| 653 | _aDVD | ||
| 653 | _aDVD | ||
| 653 | _aMELO | ||
| 653 | _aMUSICAL | ||
| 653 | _aTANGO | ||
| 653 | _aVIDEOS | ||
| 905 | _a39954 | ||
| 942 | _cDVD | ||
| 999 |
_c53676 _d53676 |
||